000 00801nam a2200289 i 4500
001 C2-0325186
003 PPAK
005 20180728123252.0
008 140121s2013 my a|||| ||||| | may d
020 _a9789674032180
040 _aPPAK
_beng
_cPPAK
_erda
082 0 4 _a297.18
_223
090 0 0 _a297.18
_bIRW
_dK
100 1 _aIrwan, B.,
_eauthor
245 1 0 _aKalimah toyyibah 1
264 1 _aKuala Lumpur :
_bAna Muslim ,
_c2013
300 _a48 pages :
_bcolour illustrations ;
_c26 cm
336 _2rdacontent
_atext
337 _2rdamedia
_aunmediated
338 _2rdacarrier
_avolume
490 1 _aSiri kalimah toyyibah
500 _a7-10 Tahun
650 1 0 _aIslamic stories, Malay.
700 0 _aRazlinda Radzuan,
_eeditor
830 0 _aSiri kalimah toyyibah
942 _ddc
_cB
999 _c124929
_d124929